| 000 | 00539cam a2200145 4500500 | ||
|---|---|---|---|
| 005 | 20251012032515.0 | ||
| 041 | _afre | ||
| 042 | _adc | ||
| 100 | 1 | 0 |
_aVieuille, Marie-Françoise _eauthor |
| 245 | 0 | 0 | _aLa vie musicale sous Vichy, ouvrage collectif réalisé sous la direction de Myriam chimènes, Éditions Complexe, 2001, 420 p. |
| 260 | _c2003. | ||
| 500 | _a94 | ||
| 786 | 0 | _nSigila | 11 | 1 | 2003-06-20 | p. 211-214 | 1286-1715 | |
| 856 | 4 | 1 | _uhttps://shs.cairn.info/revue-sigila-2003-1-page-211?lang=fr&redirect-ssocas=7080 |
| 999 |
_c1547525 _d1547525 |
||